[Event "Balkan Youth Online-ch 2020"]
[Site "Online"]
[Date "2020.10.31"]
[Round "3.38"]
[White "Jordanov Mihail"]
[Black "Kilic, Gokturk Kagan"]
[Result "1-0"]
[WhiteElo "2105"]
[BlackElo "2084"]
[Annotator "TA"]
[PlyCount "199"]
[EventDate "2020.10.31"]
[EventType "swiss"]
[SourceTitle "playchess.com"]
[Source "ChessBase"]
[SourceQuality "1"]

{[%evp 18,199,20,30,32,21,16,12,25,20,23,20,14,14,41,-14,20,-14,32,14,33,-2,41,4,110,110,119,91,96,68,137,98,141,158,162,171,185,116,129,28,174,120,162,123,233,241,285,275,299,211,268,85,176,196,292,200,253,145,162,156,169,92,113,33,69,35,157,95,134,50,156,143,164,174,217,7,216,220,239,204,215,220,314,162,155,148,145,150,138,138,466,466,586,586,560,508,576,558,716,716,728,689,817,815,794,792,928,641,664,706,701,587,677,632,592,376,361,367,368,318,268,129,129,124,535,592,441,50,68,-184,135,0,0,0,584,584,584,584,713,698,566,365,345,321,254,8,287,8,8,-584,-581,-584,-526,-500,-256,-257,0,0,0,0,29972,29973,29970,29968,29977,29977,29982,29977,29974,29975,29982,0,0,0,0,0,29982,29982,29985,29985,29988,29989,29990,29990]} 1. e4 e5 2. Nf3 Nc6 3. Bb5 a6 4. Ba4 d6 5. c3 Bd7 6. O-O g6 7. d4 Bg7 8. d5 Nce7 9. Bxd7+ Qxd7 10. c4 h6 {C76: Ruy Lopez: Deferred Steinitz: 5 c3 Bd7 6 d4 g6.} 11. Ne1 f5 12. f3 Nf6 {The position is equal.} 13. Nc3 O-O 14. Nd3 g5 15. Qe2 Ng6 16. g3 {[#]} (16. Nf2 $14) 16... Rae8 $146 ({Predecessor:} 16... f4 17. Bd2 h5 18. Kh1 Bh6 19. Rg1 Kh7 20. gxf4 exf4 21. e5 Nxe5 22. Nxe5 dxe5 {1-0 (41) Almasi,Z (2580)-Juergens,V (2350) Balatonbereny 1993}) 17. b4 Nh7 18. c5 h5 19. exf5 Rxf5 {White must now prevent ...e4.} 20. Ne4 dxc5 (20... Ne7 $11) 21. Ndxc5 $16 {[%mdl 64] Double Attack} Qxd5 22. Rd1 Qc6 23. a4 $36 {[%mdl 2048] White has good play.} Ngf8 (23... Bf8 $1 $14) 24. Be3 Qg6 25. Nxb7 Ne6 26. Nbc5 Nd4 27. Bxd4 (27. Qxa6 $18 Qf7 28. Bxd4 exd4 29. Rf1) 27... exd4 28. Qxa6 (28. Rac1 $16) 28... Qf7 (28... Qxa6 $11 {and Black stays safe.} 29. Nxa6 Rxf3) 29. Rac1 (29. Rf1 $18) 29... Kh8 30. Qc4 Qg6 (30... Qxc4 $16 31. Rxc4 Rxf3) 31. Nd2 h4 32. g4 Rf7 33. Qd3 Qf6 34. Nde4 $2 (34. Re1 $18 Rfe7 35. Rxe7 Rxe7 36. Nde4) 34... Qf4 (34... Qxf3 $16 35. Qxf3 Rxf3) 35. Rf1 $18 Nf8 (35... Qe3+ $142 36. Qxe3 dxe3) 36. Qd2 Be5 37. Rcd1 (37. Qf2 $18) 37... Qxd2 $16 38. Rxd2 Bf4 39. Rd3 (39. Rdd1 $18) 39... Ng6 40. Kg2 (40. Kf2 $16) 40... Be3 41. Ra3 Nf4+ (41... d3 $14) 42. Kh1 Nd5 43. Rb3 (43. a5 $16) 43... Kg7 (43... Ref8 $14) 44. a5 {[%cal Ba4a5,Ba5a6,Ba6a7][%mdl 32]} Kg6 45. a6 Ra8 46. Nd3 $2 (46. b5 $18) 46... Re8 $2 (46... Rxa6 $11 47. Ne5+ Kg7) 47. a7 $18 {Threatens to win with Ne5+!} Nb6 {White should prevent ...Rxe4.} 48. Ndc5 Ra8 49. Ra3 Kh7 (49... Re7 $142 50. Ra6 Kg7) 50. Rxe3 (50. f4 $142 Rxf4 51. Nxg5+ Kg6 52. Nf3) 50... dxe3 51. Nxg5+ {[%mdl 64] Double Attack} Kg6 52. Nxf7 Kxf7 $16 {[%mdl 4096] Endgame KRN-KRN} 53. Ra1 {Strongly threatening Kg1.} Nd5 $2 {[%mdl 8192]} (53... e2 $16 {is a better chance.}) 54. Nd3 $18 Ke6 55. Kg2 Nb6 56. Kf1 Kd5 57. Ke2 Kd4 58. b5 h3 59. Ra2 Nd5 60. Ra4+ Kc3 61. Nc5 Kc2 62. Ra6 Kc3 63. g5 Kc4 64. Ne4 Kxb5 65. Ra3 c5 66. g6 Nf4+ 67. Kxe3 Nxg6 68. f4 Ne7 69. Kf3 (69. Nd6+ $18 {and White stays clearly on top.} Kb6 70. Ke4) 69... c4 $16 70. Ra1 Nd5 $2 {[%mdl 8192]} (70... Kb6 $16 {is more resistant.} 71. Ra2 Rxa7 72. Rxa7 Kxa7) 71. f5 $18 c3 72. Rc1 $2 (72. Ke2 $18) 72... Kc4 73. Ra1 $2 {[%mdl 8192]} (73. f6 $1 $14 {stays ahead.} Nxf6 74. Nxf6 (74. Rxc3+ Kd4 $11) 74... Rxa7 75. Ne4) 73... Kb3 $2 (73... c2 $19 {And now ...Rxa7! would win.} 74. Nd6+ Kb3) 74. Ke2 ({White should play} 74. Ng3 $1 $16) 74... Nf4+ 75. Ke3 Nd5+ $2 {[%mdl 8192]} (75... Ng2+ $1 $11 76. Kd4 c2) 76. Kd4 Kb2 77. Kxd5 {aiming for Nxc3! KRN-KR} c2 78. Re1 Rxa7 79. Nf2 Rd7+ 80. Ke6 Rd2 81. Rf1 $2 (81. Ng4 $1 $18) 81... Re2+ $2 {[%mdl 8192]} (81... c1=R $11 82. Rxc1 Kxc1 83. Nxh3 Rxh2) 82. Kf7 $2 (82. Kd5 $1 $18) 82... Kc3 $11 {...Rxf2! is the strong threat.} 83. f6 $2 {[%mdl 8192] [#]} (83. Nxh3 $11 {and White has nothing to worry.} Rxh2 84. Ng5) 83... Rxf2 $1 $19 {[%mdl 576] Deflection, Promotion} 84. Rxf2 c1=Q {KQ-KR} 85. Rf3+ Kd4 86. Rxh3 Qc4+ $2 ({Black should try} 86... Ke5 $19 87. Rh5+ Kd6) 87. Kg7 $11 {Rh4+ would kill now.} Qe6 {( -> ...Qg4+)} 88. Rh6 {Hoping for f7.} Qg4+ $2 {[%mdl 8192]} (88... Qe5 $11) 89. Rg6 Qd7+ 90. f7 Ke5 91. Kg8 Kf5 92. Rg3 Qd5 93. h4 Kf6 94. Rf3+ $2 (94. Rg7 $1 {mates} Qe6 95. h5 Ke7 96. h6 $1 {[%mdl 512]} Qb3 97. h7 Qe6 98. h8=Q Kd7 99. Qh5) 94... Kg6 (94... Ke7 $5 {[%cal Rd5f3]} 95. Re3+ Kf6 96. Rf3+ Kg6 97. Rg3+ Kh6 $11) 95. Rf1 Qc4 96. Rg1+ Kf6 $2 {[%mdl 8192] [#]} (96... Kh5 $11) 97. Rg7 $1 {White mates.} Qd5 {[#]} 98. h5 $1 {[%cal Rh5h6][%mdl 512]} Ke7 (98... Qxh5 99. f8=Q+) 99. h6 Qe6 100. h7 {Never resign too early! Av CentiPawn Loss W=-64/B=-73. Weighted=-69/-104} 1-0

[Event "Balkan Youth Online-ch 2020"]
[Site "Online"]
[Date "2020.10.31"]
[Round "3.39"]
[White "Vujovic, Savo"]
[Black "Vaupot, Luka"]
[Result "1-0"]
[WhiteElo "2118"]
[BlackElo "2010"]
[Annotator "TA"]
[PlyCount "75"]
[EventDate "2020.10.31"]
[EventType "swiss"]
[SourceTitle "playchess.com"]
[Source "ChessBase"]
[SourceQuality "1"]

{[%evp 15,75,25,8,-15,-15,-18,-11,-11,-22,-24,-18,-19,-8,-28,-30,-58,0,-52,0,-307,10,-86,0,-1,177,164,245,245,239,245,245,245,245,245,245,245,245,245,244,244,237,202,451,451,1050,989,892,612,552,377,1893,1870,5493,5261,29990,29963,29991,29992,29992,29993,29996,29997]} 1. c4 Nf6 2. Nc3 d5 3. cxd5 Nxd5 4. e4 Nxc3 5. bxc3 g6 6. d4 Bg7 7. Bc4 c5 8. Ne2 Nc6 {[%cal Rc5d4] 8...Nc6 is better than 8...0-0.} 9. O-O {D86: Exchange Grünfeld: Classical Line (7 Bc4).} cxd4 10. cxd4 Nxd4 11. Bb2 {[%cal Rb2d4] [#] The position is equal.} Nxe2+ $146 ({Predecessor:} 11... Be6 12. Bxe6 Nxe6 13. Bxg7 Qxd1 14. Rfxd1 Nxg7 15. Rab1 b6 16. f3 f6 17. Nd4 Kf7 {0-1 (17) Gaitan Rivas,N (1866)-Peraza Balleste,O (1937) IECC email 2015}) 12. Qxe2 O-O 13. Rfd1 Qb6 14. Rab1 {aiming for Bxg7.} Bxb2 15. Rxb2 Qf6 (15... Bg4 $15 16. Qd2 Qxb2 $1 {[%mdl 512]} 17. Qxb2 Bxd1) 16. Rb3 (16. e5 $11 Qf4 17. e6) 16... b6 (16... Qe5 $15) 17. Rf3 $2 {[%mdl 8192]} (17. e5 $11 {and White has nothing to worry.} Qh4 18. Rc3) 17... Qg5 $2 (17... Bg4 $19 18. Rxf6 Bxe2 19. Rxg6+ hxg6 20. Bxe2 Rac8) 18. Rg3 (18. Bxf7+ $11 Rxf7 19. Qc4 $1 {[%mdl 512]}) 18... Qf6 (18... Qc5 $17) 19. e5 Qf5 $2 {Now Black is done in.} (19... Qh4 $11 {and Black stays safe.}) 20. Rf3 $1 $36 {[%mdl 2048] Black is under strong pressure.} Qh5 {[#]} (20... Qg5 $142) 21. Bxf7+ $1 {[%mdl 576] Deflection} Rxf7 22. Rd8+ Kg7 {Threatens to win with ...Rxf3.} 23. Rxf7+ Kxf7 {[#]} 24. Qc4+ $1 {[%mdl 64] Double Attack} Be6 25. Qf4+ Bf5 {[#]} 26. e6+ $1 {[%mdl 576] Decoy} Kxe6 27. Qc4+ Kf6 28. Qd4+ e5 $2 (28... Kf7 29. Rxa8 Be4 30. Rxa7 Qg5 31. Qc4+ Bd5) 29. Qd6+ Be6 (29... Kg5 $142 30. Rxa8 Qe2 31. Qe7+ {[%mdl 64] Double Attack} Kh6 32. Qh4+ Qh5 33. Qxh5+ Kxh5 34. Rxa7 Kg5 35. Rxh7 Bd3) 30. Rxa8 {[%mdl 4096] Endgame KQR-KQB} Qe2 31. Qd8+ Kf5 {[%cal Re2e1]} 32. Qf8+ Kg5 $2 {[#]} (32... Ke4 33. h3 Qxa2) 33. h4+ $1 {[%mdl 512]} Kh5 {[#]} (33... Kxh4 34. Qf6+) 34. Qe7 $1 {[%csl Gh4][%cal Re7g5]} Qd1+ {[#]} 35. Kh2 $1 {[%csl Gh4][%cal Re7g5] White mates.} Qd2 36. Qxh7+ Qh6 {[#]} 37. g4+ $1 Bxg4 38. Rh8 {Av CentiPawn Loss W=-45/B=-154. Weighted=-59/-147} 1-0

[Event "Balkan Youth Online-ch 2020"]
[Site "Online"]
[Date "2020.10.31"]
[Round "3.40"]
[White "Andjelic, Djordje"]
[Black "Stepanencu, Nicodim-Cosmin"]
[Result "0-1"]
[WhiteElo "1900"]
[BlackElo "2006"]
[Annotator "TA"]
[PlyCount "90"]
[EventDate "2020.10.31"]
[EventType "swiss"]
[SourceTitle "playchess.com"]
[Source "ChessBase"]
[SourceQuality "1"]

{[%evp 9,90,18,28,0,0,0,0,0,0,0,0,-23,-10,-53,-70,-75,-22,-22,0,-107,-37,-47,-21,-64,-65,-59,-56,-39,-58,-52,-50,-63,-22,-72,-58,-185,-188,-188,-196,-225,-222,-231,-242,-260,-268,-259,-139,-317,-319,-302,-253,-372,-367,-570,-559,-572,-561,-536,-518,-614,-618,-803,-837,-796,-795,-831,-781,-1246,-942,-2092,-2027,-29986,-29987,-29987,-29988,-29988,-29989,-29989,-29990,-29998,-29994,-29994,-1702]} 1. d4 Nf6 2. Bg5 e6 3. e4 h6 4. Bxf6 Qxf6 5. c3 Nc6 6. Bd3 {A45: Trompowsky Attack.} e5 7. d5 Bc5 {[%csl Gc5][%cal Rf6f2] [#]} 8. Qf3 {Qxf6 is the strong threat.The position is equal.} Ne7 9. Qxf6 gxf6 10. Ne2 d6 {[#]} 11. h3 $146 ({Predecessor:} 11. Nd2 f5 12. f4 Rg8 13. g3 exf4 14. Nxf4 Bd7 15. O-O-O O-O-O 16. Rde1 Ng6 17. Nxg6 fxg6 {½-½ (26) Coleman,J (2203)-Ramaswamy,A (2299) Abu Dhabi 2004}) 11... f5 $36 {[%mdl 2048] Black has the initiative.} 12. Nd2 Rg8 ({Black should play} 12... fxe4 $17 13. Nxe4 Nxd5) 13. g3 a5 14. a4 (14. exf5 $11 {remains equal.} Bxf5 15. Bxf5 Nxf5 16. Ne4) 14... Bd7 (14... fxe4 $17 15. Nxe4 Nxd5) 15. exf5 $15 O-O-O 16. Ne4 Bxf5 17. Nxc5 dxc5 18. Bxf5+ Nxf5 19. O-O-O h5 20. Rhe1 f6 21. Kb1 c4 22. f4 (22. Kc2 $15) 22... Ne3 $19 ({Don't do} 22... Nxg3 23. Nxg3 Rxg3 24. fxe5 $11) 23. Rd2 Nxd5 24. Kc1 c6 25. Rf1 Rdf8 26. Rf3 Kc7 27. Rd1 exf4 (27... e4 $19 28. Rf2 f5) 28. Nd4 $2 {This costs White the game.} (28. Nxf4 $17 Nxf4 29. Rxf4) 28... Re8 29. gxf4 Rg2 30. Rd2 (30. f5 {might work better.}) 30... Re1+ 31. Rd1 (31. Kc2 {was forced.} Rgg1 32. b3) 31... Rxd1+ {[%mdl 64] [#] Overworked Piece} 32. Kxd1 Rxb2 {[%mdl 4096] Endgame KRN-KRN} 33. Rg3 Rf2 34. f5 Kb6 35. Rg6 Nxc3+ 36. Ke1 Rf4 37. Kd2 Nd5 38. Ne6 Rxf5 39. Rg7 c3+ 40. Kc1 Nb4 {[%cal Rf5f1] Black mates.} 41. Rg1 Rf2 42. Nd4 Ra2 {[%cal Ra2a1]} 43. Nb3 Nd3+ 44. Kd1 c2+ 45. Kd2 c1=Q+ {[%mdl 64] Double Attack. Av CentiPawn Loss W=-94/B=-45. Weighted=-60/-34} 0-1

[Event "Balkan Youth Online-ch 2020"]
[Site "Online"]
[Date "2020.10.31"]
[Round "3.41"]
[White "Cani, Dejvi"]
[Black "Veljanoski, Andrej"]
[Result "0-1"]
[WhiteElo "1188"]
[BlackElo "2007"]
[Annotator "TA"]
[PlyCount "84"]
[EventDate "2020.10.31"]
[EventType "swiss"]
[SourceTitle "playchess.com"]
[Source "ChessBase"]
[SourceQuality "1"]

{[%evp 12,84,32,0,26,3,20,-32,0,-1,27,-4,27,0,4,0,0,0,0,-108,-110,-105,-100,-403,-403,-393,-398,-398,-398,-389,-376,-370,-351,-388,-362,-342,-365,-446,-445,-436,-376,-433,-411,-539,-538,-529,-512,-506,-499,-532,-500,-544,-506,-938,-867,-922,-918,-903,-863,-4825,-3055,-29975,-29976,-29974,-29979,-12842,-12837,-29980,-29981,-29981,-29982,-29982,-29982,-29986,-29984]} 1. e4 e5 2. Nf3 Nc6 3. Bc4 Bc5 4. O-O d6 5. h3 Nf6 6. d3 Be6 7. Bb3 Qd7 {C50: Hungarian Defence and Giuoco Pianissimo.} 8. Bxe6 fxe6 9. Be3 (9. c3 $11) 9... Bb6 {Black is slightly better.} 10. Nbd2 O-O {[#]} 11. Nc4 $146 ({Predecessor:} 11. c3 Ne7 12. a4 Ng6 13. a5 Bxe3 14. fxe3 d5 15. exd5 exd5 16. e4 c6 17. Qb3 {0-1 (37) Christiansen,E (1762)-Simonsen,H (2165) Faroe Islands 2016}) 11... Ne7 12. Nxb6 axb6 13. Nh2 d5 14. Ng4 Ng6 15. f4 (15. Nxf6+ $11 {keeps the balance.} Rxf6 16. Re1) 15... exf4 $17 16. Bxf4 dxe4 {...Nxg4 is the strong threat.} 17. dxe4 $2 {[%mdl 8192] [#] This costs White the game.} (17. Nxf6+ $17 {is a better chance.} Rxf6 18. Be3) 17... Qxd1 $19 18. Raxd1 Nxg4 19. Bxc7 Rxf1+ 20. Rxf1 Ne3 21. Rf3 Nxc2 22. Bxb6 Ra6 23. Bc5 Rxa2 24. h4 {White hopes to continue with h5.} h5 25. Rb3 Ra5 26. Bf2 b5 {[%cal Bb7b5,Bb5b4][%mdl 32]} 27. Bb6 Ra1+ 28. Kf2 b4 29. Bc5 Ra5 30. Bb6 Re5 31. Rg3 Kh7 32. Rg5 (32. Ke2 $142 Nxh4 33. Kd2) 32... Rxg5 33. hxg5 Ne5 34. Ke2 Kg6 35. Kd1 b3 36. Bc7 Nc4 37. Ke2 Nxb2 38. Kd2 Na4 39. Be5 Na3 {Black mates.} 40. Kc1 Nc4 41. Bd4 b2+ 42. Kb1 e5 {Av CentiPawn Loss W=401/B=-40. Weighted=170/-23} 0-1

[Event "Balkan Youth Online-ch 2020"]
[Site "Online"]
[Date "2020.10.31"]
[Round "3.42"]
[White "Padurariu, Mihai-Edward"]
[Black "Papidakis, Georgios"]
[Result "1-0"]
[WhiteElo "2084"]
[BlackElo "2135"]
[Annotator "TA"]
[PlyCount "85"]
[EventDate "2020.10.31"]
[EventType "swiss"]
[SourceTitle "playchess.com"]
[Source "ChessBase"]
[SourceQuality "1"]

{[%evp 20,85,3,19,46,44,45,38,27,46,47,39,56,58,80,38,54,46,78,-11,-7,-30,0,-7,-7,-7,0,0,0,0,24,-14,31,0,0,-2,-7,-18,11,15,75,74,81,80,111,-100,46,0,0,0,0,0,0,4,479,465,757,697,655,508,508,503,488,432,1309,0,0,0]} 1. Nf3 Nf6 2. d4 e6 3. c4 Bb4+ 4. Nbd2 b6 5. a3 Bxd2+ 6. Bxd2 Bb7 7. Bg5 h6 8. Bh4 O-O 9. e3 d6 10. Be2 Nbd7 11. O-O Qe7 {E11: Bogo-Indian.} 12. Nd2 a5 13. b4 {[#]} g5 $146 {White is slightly better.} ({Predecessor:} 13... c5 14. b5 Rfe8 15. f4 Rac8 16. Bf3 d5 17. e4 dxe4 18. Bxe4 Bxe4 19. Nxe4 Qf8 20. Nxf6+ Nxf6 21. Bxf6 gxf6 {0-1 (42) Paasikangas Tella,J (2130)-Markovic,G (2260) Subotica 1991}) 14. Bg3 Ne4 15. Nxe4 Bxe4 16. f3 Bh7 17. Bd3 f5 18. Qc2 e5 19. d5 ({White should try} 19. c5 $16) 19... Qg7 {[#] White must now prevent ...axb4.} 20. e4 f4 21. Bf2 g4 {Threatens to win with ...gxf3.} 22. Kh1 g3 23. Bg1 gxh2 $1 24. Bf2 Kh8 25. Rfc1 Rg8 {[%csl Gg8][%cal Rg7g2] [#]} 26. Bf1 Nf6 {[%cal Bd7f6,Bf6h5,Bh5g3][%mdl 32]} 27. Bh4 Nh5 28. c5 Ng3+ 29. Bxg3 $1 Qxg3 (29... fxg3 $11 {keeps the balance.} 30. cxd6 cxd6) 30. cxd6 $16 cxd6 31. Qd2 h5 32. Qe1 $2 (32. Rc6 $16) 32... Qg5 (32... axb4 $17 33. axb4 Rxa1 34. Rxa1 h4 35. Qxg3 fxg3) 33. Qf2 h4 34. Qxb6 h3 {[%cal Rh3g2]} 35. Rc2 Bxe4 36. fxe4 f3 $2 {[%mdl 8192]} (36... Rac8 $1 $11 37. Rf2 Rc3 38. Qxd6 Rg3) 37. g3 $18 ({Not} 37. g4 Qf4 $18) 37... Qxg3 (37... Qh6 $142 38. bxa5 Rxg3) 38. Rxh2 Rg4 39. Rxh3+ Rh4 40. Ra2 Rxh3+ 41. Bxh3 Rg8 (41... Qe1+ $142 42. Qg1 Qxg1+ 43. Kxg1 axb4) 42. Qf2 $2 ({Better is} 42. Rh2 $18 {White wants to mate with Bf5+.} Kg7 43. Bf1) 42... Qxh3+ $11 43. Qh2 {[%mdl 32768] Av CentiPawn Loss W=-55/B=-64. Weighted=-82/-49. Loss on time!?} 1-0

[Event "Balkan Youth Online-ch 2020"]
[Site "Online"]
[Date "2020.10.31"]
[Round "3.43"]
[White "Dimov, Nikola"]
[Black "Filippovskiy Nikita"]
[Result "1-0"]
[WhiteElo "1771"]
[BlackElo "1534"]
[Annotator "NA RC"]
[PlyCount "85"]
[EventDate "2020.10.31"]
[EventType "swiss"]
[SourceTitle "playchess.com"]
[Source "ChessBase"]
[SourceQuality "1"]
[TimeControl "5400+30"]

1. e4 {[%emt 1:05:20]} c5 {[%emt 1:05:26]} 2. Nf3 {[%emt 0:00:23]} Nc6 {[%emt 0:00:21]} 3. d4 {[%emt 0:00:25]} cxd4 {[%emt 0:00:23]} 4. Nxd4 {[%emt 0:00:22]} g6 {[%emt 0:00:23]} 5. Nc3 {[%emt 0:00:22]} Bg7 {[%emt 0:00:21]} 6. Be3 {[%emt 0:00:22]} Nf6 {[%emt 0:00:22]} 7. Bc4 {[%emt 0:00:26]} O-O {[%emt 0:00:23]} 8. f3 {[%emt 0:00:22]} Qb6 {[%emt 0:00:41]} 9. a3 {[%emt 0:00:23]} Qxb2 {[%emt 0:00:28]} 10. Na4 {[%emt 0:00:34]} Qxa1 {[%emt 0:00:55]} 11. Qxa1 {[%emt 0:00:24]} a6 {[%emt 0:00:28]} 12. Nb6 {[%emt 0:00:38]} Rb8 {[%emt 0:00:25]} 13. O-O {[%emt 0:00:47]} d6 {[%emt 0:00:34]} 14. c3 {[%emt 0:00:47]} Ne5 {[%emt 0:00:34]} 15. Bb3 {[%emt 0:00:36]} Bd7 {[%emt 0:00:34]} 16. Qd1 {[%emt 0:01:32]} Bb5 {[%emt 0:00:50]} 17. Nxb5 {[%emt 0:00:36]} axb5 {[%emt 0:00:28]} 18. Qd2 {[%emt 0:00:25]} Nc4 {[%emt 0:00:26]} 19. Nxc4 {[%emt 0:00:31]} bxc4 {[%emt 0:00:23]} 20. Bxc4 {[%emt 0:00:25]} Rfc8 {[%emt 0:00:22]} 21. Bb3 {[%emt 0:00:29]} b5 {[%emt 0:00:45]} 22. Rc1 {[%emt 0:00:43]} Ra8 {[%emt 0:00:32]} 23. Ra1 {[%emt 0:01:01]} b4 {[%emt 0:00:28]} 24. cxb4 {[%emt 0:00:47]} Nxe4 {[%emt 0:00:27]} 25. fxe4 {[%emt 0:01:15]} Bxa1 {[%emt 0:00:25]} 26. Qa2 {[%emt 0:00:54]} Be5 {[%emt 0:00:41]} 27. Bxf7+ {[%emt 0:00:24]} Kf8 {[%emt 0:00:22]} 28. Bh6+ {[%emt 0:00:29]} Bg7 {[%emt 0:00:24]} 29. Bxg7+ {[%emt 0:00:38]} Kxg7 {[%emt 0:00:22]} 30. Bc4 {[%emt 0:00:24]} Rc7 {[%emt 0:00:36]} 31. Qb2+ {[%emt 0:00:36]} e5 {[%emt 0:00:25]} 32. Bd5 {[%emt 0:01:00]} Rac8 {[%emt 0:00:24]} 33. h3 {[%emt 0:00:22]} Rc2 {[%emt 0:00:30]} 34. Qb3 {[%emt 0:00:25]} Rc1+ {[%emt 0:00:30]} 35. Kh2 {[%emt 0:00:24]} R8c3 {[%emt 0:00:25]} 36. Qa4 {[%emt 0:00:28]} Rc7 {[%emt 0:00:34]} 37. Qa6 {[%emt 0:00:37]} R7c3 {[%emt 0:01:05]} 38. Qxd6 {[%emt 0:00:36]} R1c2 {[%emt 0:01:07]} 39. Qxe5+ {[%emt 0:00:25]} Kh6 {[%emt 0:00:21]} 40. Qe7 {[%emt 0:01:03]} Rxa3 {[%emt 0:00:52]} 41. h4 {[%emt 0:00:49]} Rd3 {[%emt 0:00:39]} 42. Bg8 {[%emt 0:00:28]} Kh5 {[%emt 0:00:32]} 43. Qg5# {[%emt 0:00:24]} 1-0

[Event "Balkan Youth Online-ch 2020"]
[Site "Online"]
[Date "2020.10.31"]
[Round "3.44"]
[White "Mitkov, Simeon-Alekzander"]
[Black "Boci, Petro"]
[Result "0-1"]
[WhiteElo "1319"]
[BlackElo "1434"]
[Annotator "NA RC"]
[PlyCount "68"]
[EventDate "2020.10.31"]
[EventType "swiss"]
[SourceTitle "playchess.com"]
[Source "ChessBase"]
[SourceQuality "1"]
[TimeControl "5400+30"]

1. e4 {[%emt 1:05:20]} c5 {[%emt 1:05:24]} 2. Nf3 {[%emt 0:00:24]} Nc6 {[%emt 0:00:22]} 3. d4 {[%emt 0:00:24]} cxd4 {[%emt 0:00:22]} 4. Nxd4 {[%emt 0:00:23]} Nf6 {[%emt 0:00:22]} 5. Nc3 {[%emt 0:00:24]} e5 {[%emt 0:00:22]} 6. Ndb5 {[%emt 0:00:35]} d6 {[%emt 0:00:24]} 7. Be3 {[%emt 0:00:47]} a6 {[%emt 0:00:51]} 8. Na3 {[%emt 0:00:27]} Rb8 {[%emt 0:00:50]} 9. Qd2 {[%emt 0:01:06]} b5 {[%emt 0:00:52]} 10. Bxb5 {[%emt 0:02:20]} axb5 {[%emt 0:00:41]} 11. Naxb5 {[%emt 0:00:23]} Nxe4 {[%emt 0:03:31]} 12. Nxe4 {[%emt 0:00:29]} Rxb5 {[%emt 0:00:25]} 13. O-O-O {[%emt 0:00:26]} d5 {[%emt 0:04:43]} 14. Nc3 {[%emt 0:00:24]} Bb4 {[%emt 0:01:27]} 15. Qd3 {[%emt 0:02:07]} Rb8 {[%emt 0:04:36]} 16. Nxd5 {[%emt 0:00:34]} Qa5 {[%emt 0:03:25]} 17. Nxb4 {[%emt 0:00:38]} Nxb4 {[%emt 0:01:49]} 18. Qd6 {[%emt 0:02:19]} Nxa2+ {[%emt 0:01:17]} 19. Kb1 {[%emt 0:00:25]} Nc3+ {[%emt 0:00:57]} 20. Kc1 {[%emt 0:00:30]} Qa1+ {[%emt 0:00:38]} 21. Kd2 {[%emt 0:00:26]} Ne4+ {[%emt 0:00:24]} 22. Ke2 {[%emt 0:00:35]} Nxd6 {[%emt 0:01:43]} 23. Rxa1 {[%emt 0:00:26]} Rxb2 {[%emt 0:00:30]} 24. Kd3 {[%emt 0:01:14]} Bf5+ {[%emt 0:00:34]} 25. Kd2 {[%emt 0:00:39]} Rxc2+ {[%emt 0:00:27]} 26. Kd1 {[%emt 0:00:29]} O-O {[%emt 0:00:25]} 27. Bc5 {[%emt 0:00:28]} Rxc5 {[%emt 0:00:23]} 28. Ke2 {[%emt 0:00:35]} Rfc8 {[%emt 0:00:24]} 29. Rhd1 {[%emt 0:00:28]} Rc2+ {[%emt 0:00:33]} 30. Ke1 {[%emt 0:00:24]} Nb5 {[%emt 0:00:38]} 31. Ra5 {[%emt 0:01:05]} R2c5 {[%emt 0:00:28]} 32. Ra2 {[%emt 0:00:42]} Nc3 {[%emt 0:00:29]} 33. Rad2 {[%emt 0:00:36]} Nxd1 {[%emt 0:00:24]} 34. Kxd1 {[%emt 0:00:23]} Be6 {[%emt 0:00:25]} 0-1